[Event "Olympiad-44"]
[Site "Chennai"]
[Date "2022.07.31"]
[Round "3.3"]
[White "Druska, Juraj"]
[Black "Khusenkhojaev, Mustafokhuja"]
[Result "1-0"]
[WhiteElo "2519"]
[BlackElo "2238"]
[PlyCount "47"]
[EventDate "2022.07.29"]
[EventType "team-swiss"]
[EventRounds "11"]
[EventCountry "IND"]
[SourceTitle "CBM 210"]
[Source "ChessBase"]
[SourceDate "2022.10.31"]
[SourceVersion "1"]
[SourceVersionDate "2022.10.31"]
[SourceQuality "1"]
[WhiteTeam "Slovakia"]
[BlackTeam "Tajikistan"]
[WhiteTeamCountry "SVK"]
[BlackTeamCountry "TJK"]

1. Nf3 Nf6 2. c4 g6 3. Nc3 d5 4. cxd5 Nxd5 5. h4 Bg7 6. h5 Nc6 7. g3 Bf5 8. Bg2 Ncb4 9. Nxd5 Nc2+ 10. Kf1 Qxd5 11. Nh4 Be4 12. Qxc2 Bxg2+ 13. Nxg2 0-0-0 14. d3 Kb8 15. Qb3 Qxb3 16. axb3 Rd5 17. hxg6 hxg6 18. Rxh8+ Bxh8 19. Ra4 Rb5 20. Re4 Bf6 21. b4 c6 22. Ne3 e5 23. Ng4 Bg7 24. Nxe5 1-0